Speciální nástroje pro řezání plastů a papíru

Podrobná bibliografia
Hlavní autori: Lukovics, Imrich (Autor), Maňas, Miroslav, 1947- (Autor), Sýkorová, Libuše (Autor)
Médium: Článok
Jazyk:čeština
Fyzický popis:Obr. 3
ISBN:8096725300
Predmet:

MARC

LEADER 00000nab a2200000 a 4500
001 vtls000549794
003 SK-MaSNL
005 20260305003727.0
008 160201c1994 xo 0 cze
015 |a SNBRA19rr/mm-uuuuu 
035 |a CL0549932 
040 |a SNKBUCL  |b slo  |c SNKBUCL  |e AACR2 
041 0 |a cze 
044 |a xo  |c SK 
080 |a 621.9.025.1:678:676  |2 1981 
080 |a 678  |2 1981 
080 |a 676  |2 1981 
100 1 |a Lukovics, Imrich  |4 aut  |9 775247 
245 1 0 |a Speciální nástroje pro řezání plastů a papíru  |c Imrich Lukovics, Miroslav Maňas, Libuše Sýkorová 
300 |b Obr. 3 
650 0 7 |a plasty  |2 snkbucl  |9 3661 
650 0 7 |a papier  |2 snkbucl  |9 19457 
650 0 7 |a vysekávacie nástroje  |2 snkbucl  |9 1580872 
655 7 |a články zo zborníkov  |2 snkbucl  |9 166140 
700 1 |a Maňas, Miroslav,  |d 1947-  |4 aut  |9 263077 
700 1 |a Sýkorová, Libuše  |4 aut  |9 736042 
773 0 |t Rezné nástroje  |d Prešov : Podnik výpočtovej techniky, 1994  |g S. 63-66  |z 8096725300 
850 |a Slovenská národná knižnica v Martine  |a MTA001 
852 |a SNK  |b KIS3GCP 
958 |a RK 
958 |a CZ 
992 |a RZB 
999 |c 3231935  |d 3233865